[Event "Karlsbad Czech Coal"]
[Site "Karlovy Vary"]
[Date "2007.09.15"]
[Round "7"]
[White "Laznicka, Viktor"]
[Black "Ponomariov, Ruslan"]
[Result "0-1"]
[WhiteElo "2594"]
[BlackElo "2706"]
[Annotator "Krasenkow,M"]
[PlyCount "56"]
[EventDate "2007.09.08"]
[EventType "tourn"]
[EventRounds "7"]
[EventCountry "CZE"]
[EventCategory "17"]
[SourceTitle "CBM 120"]
[Source "ChessBase"]
[SourceDate "2007.10.02"]
[SourceVersion "1"]
[SourceVersionDate "2007.10.02"]
[SourceQuality "1"]

1. d4 Nf6 2. c4 g6 3. f3 d5 4. cxd5 Nxd5 5. e4 Nb6 6. Nc3 Bg7 7. Be3 O-O 8. Qd2
Nc6 9. O-O-O f5 $5 {This undermining, quite common for the Gruenfeld, is
better in this position than the old} (9... e5) 10. h4 $132 {>>} fxe4 11. h5
gxh5 {This interesting line was examined in CBM 81, annotations to the game
Golod-Herrera.} 12. Rxh5 {The most obvious move but White has some other
possibilities seen in practice:} (12. Bh6 Bxh6 13. Qxh6 Qd6 14. Qxh5 Bf5 15.
Nxe4 Qb4 16. a3 Qb3 17. Qg5+ Kh8 18. d5 Na4 19. Qd2 Rad8 20. Qc2 Qxc2+ 21. Kxc2
Ne5 $17 {0-1 Raceanu,V-Lupulescu,C/Predeal 2006/CBM 113 ext (30)}) (12. d5 Ne5
(12... Na5 $5 13. Bh6 Bxh6 14. Qxh6 Qd6 15. Rxh5 Qxh6+ 16. Rxh6 Nac4 17. Re1
Bf5 18. fxe4 Bg6 $11 {1-0 Kuzmin,A-Danin,A/St Petersburg 2004/CBM 102 (51)})
13. Bh6 {[#]} Nec4 $1 (13... Rf7 $6 14. Bxg7 Rxg7 15. Rxh5 Nbc4 $2 (15... Nf7 {
Ftacnik}) 16. Qd4 b5 17. Rxe5 Nxe5 18. Qxe5 exf3 19. Nxf3 Qd6 20. Nxb5 Qxe5 21.
Nxe5 $18 {1-0 Sakaev,K-Timofeev,A/Istanbul 2003/CBM 096/[Ftacnik] (23)}) 14.
Qg5 Rf7 15. Rh4 (15. Bxc4 Nxc4 16. Bxg7 (16. Rh4 Qd6 17. Bxg7 Rxg7 18. Qxh5 Bd7
19. Rxe4 Qb4 20. Rd2 Qc5 21. Rdd4 $2 (21. Rd1 Ne3 $17) 21... Nd6 22. Rf4 Nf5
$19 {0-1 Aleskerov,F-Sanikidze,T/Instanbul 2005/CBM 109 ext (33)}) (16. Rd4 $2
Nxb2 $1 $17 17. Kxb2 $140 $2 c5 18. Rxe4 Qb6+ 19. Ka1 Qxh6) 16... Rxg7 17. Qxh5
exf3 18. gxf3 Qf8 $13 {Ftacnik}) 15... Qf8 (15... Nxb2 $2 16. Rf4 Qd6 17. Rxf7
Qxh6 18. Rxg7+ Qxg7 19. Qxg7+ Kxg7 20. Kxb2 exf3 21. Nxf3 $16 {1-0 Rodshtein,
M-Sanikidze,T/Chalkidiki 2003/EXT 2004 (69)}) (15... Nd6 16. fxe4 Bg4 17. Be2
e5 18. Bxg4 Qxg5+ 19. Bxg5 hxg4 20. Rxg4 Kh8 21. Nf3 Nd7 22. Rh4 Re8 23. Rdh1
Nf8 24. b3 $14 {0-1 Meessen,R-Swinkels,R/Eupen BEL 2006/The Week in Chess 634 
(71)}) 16. Bxc4 Nxc4 17. Rxe4 Nd6 18. Rh4 e5 $13 {Ftacnik}) 12... Bf5 13. Rg5 {
A double-edged move. This rook is active but vulnerable. However, White has no
good alternatives:} (13. Rh1 Bg6 14. Nh3 e5 15. d5 Nd4 16. fxe4 c6 17. Bd3 Rc8
18. Bh6 Bxh6 19. Qxh6 cxd5 20. exd5 e4 $17 {1/2-1/2 Bucher,M-Flumbort,A/
Winterthur 2002/EXT 2004 (34)}) (13. d5 Bg6 14. Bh6 Bxh5 15. Bxg7 Kxg7 16. Qg5+
Bg6 17. dxc6 Qc8 18. Qxe7+ Rf7 19. Qe5+ Kg8 20. Nxe4 Bxe4 21. Qxe4 bxc6 22.
Qxc6 Qf5 $17 {0-1 Hillarp Persson,T-Howell,D/St Helier 2005/CBM 104 ext (56)})
(13. Bh6 Bg6 (13... Qxd4 $1 14. Qxd4 Bxd4 15. Bxf8 Rxf8 $17) 14. Bxg7 Kxg7 15.
Qh6+ Kg8 16. Rg5 Qe8 17. d5 Nd8 18. fxe4 Rf6 19. Qh2 Nf7 20. Rg3 $14 {1/2-1/2
Zhang,Z-Qiao Liang/Wuxi 2005/CBM 106 ext (25)}) 13... Bg6 14. Be2 (14. fxe4 $2
Nxd4) 14... e5 15. d5 Nd4 {[%csl Gd4] A recent improvement of Black's play.} (
15... exf3 {keeps an extra pawn for Black but helps White's development:} 16.
Nxf3 Nd4 17. Nxe5 (17. Bd3 Nf5 $1 18. Bc5 Rf7 19. g4 $2 (19. Rh1 $5 Nd7 20. Ba3
$13 {Golod}) 19... Nd6 $1 $17 {1/2-1/2 Golod,V-Herrera,I/Linares 2001/CBM081/
[Golod,V] (65)}) (17. Nh4 $5 $13) 17... Nxe2+ 18. Qxe2 Re8 19. Qg4 Bxe5 20.
Rxg6+ hxg6 21. Qxg6+ Bg7 22. Bd4 Qe7 23. Rh1 Nd7 24. Qh7+ Kf8 25. Rf1+ Bf6 26.
Qh8+ Kf7 27. Qh7+ Kf8 28. Qh8+ Kf7 29. Qh7+ Kf8 {1/2-1/2 Baumgartner,U-Kopasov,
E/LSS 2006/Telechess CBM 119}) 16. fxe4 c6 17. dxc6 (17. Nf3 Bf6 18. Rg3 Nxe2+
19. Qxe2 cxd5 20. exd5 (20. Bxb6 $5 axb6 21. Rxd5 Qc7 22. Kb1 $13) 20... Rc8
21. Ng5 Bxg5 22. Bxg5 Qd6 23. Bh6 Rf7 24. Qg4 Rf2 25. Rd2 Rf1+ 26. Rd1 Rxd1+
27. Kxd1 Rd8 $13 {0-1 Moiseenko,A-Li Chao1/Moscow 2007/CBM 117 (60)}) 17...
Nxc6 18. Qe1 Qf6 19. Qg3 $6 (19. Rg3 {, moving the rook to a safer place, is
probably more cautious, e.g.} Nd4 20. Nf3 Nxe2+ 21. Qxe2 $13 {It may be tested
in future games. In my opinion, Black should not be worse in any case.}) 19...
Nd4 $1 $146 {[%mdl 8] Quite an obvious novelty improving on my game against
Laznicka, in which, for mysterious reasons, I played} (19... Rad8 $6 {, which
lead to an unclear position:} 20. Nf3 Nd4 21. Bd3 Nxf3 22. gxf3 Rc8 23. Kb1
Qxf3 24. Qg1 $44 {[%csl Rg8]} Rc6 25. Rf1 Qh3 26. Rff5 $1 Bh6 27. Bf1 Qh4 28.
Bf2 Qxg5 29. Rxg5 Bxg5 30. Bb5 $14 {0-1 Laznicka,V-Krasenkow,M/Ostrava 2007/
CBM 118 (57)}) 20. Bh5 Bxh5 (20... Ne6 $5 21. Bxg6 Nxg5 22. Bf5 Nf7 {is also
possible although White keeps some compensation for the exchange after} 23. Nf3
Nh6 24. Bh3 {[%csl Ge3,Gh3]}) 21. Rxh5 Rac8 22. Kb1 $2 {This is just losing.
Black sacrifices an exchange and gets a decisive attack.} (22. Bh6 Qg6 $5 23.
Qxg6 hxg6 24. Bxg7 gxh5 25. Bxf8 Rxf8 $15 {[%csl Gd4]} 26. Nge2 Nxe2+ 27. Nxe2
Rf2 28. Ng3 Rxg2 29. Nxh5 Kf7 30. Rd3 $1 $15 {may be a lesser evil for White.})
22... Rxc3 $1 {[%mdl 640]} 23. bxc3 Na4 {[%cal Rf6b6]} 24. Bxd4 exd4 25. Kc2 (
25. cxd4 Qb6+ 26. Qb3+ Qxb3+ 27. axb3 Nc3+ 28. Kc2 Nxd1 29. Kxd1 Rf1+ $19)
25... Qf7 (25... Qb6 26. Rb1 Rf2+ $1 27. Qxf2 d3+ {was even nicer.}) 26. Rxd4 (
26. Rd5 Nxc3 27. R1xd4 Nxd5 28. Rxd5 Qf1 29. Nf3 Rc8+ 30. Kd2 Kh8 $1 $19 {
[%cal Rg7h6,Rg7b2]}) 26... Qxa2+ 27. Kd3 Qb1+ 28. Kd2 Qb2+ 0-1

[Event "Hoogeveen Essent Crown 11th"]
[Site "Hoogeveen"]
[Date "2007.10.20"]
[Round "6"]
[White "Ponomariov, Ruslan"]
[Black "Van Wely, Loek"]
[Result "0-1"]
[WhiteElo "2705"]
[BlackElo "2680"]
[Annotator "Van Wely,L"]
[PlyCount "84"]
[EventDate "2007.10.14"]
[EventType "tourn"]
[EventRounds "6"]
[EventCountry "NED"]
[EventCategory "17"]
[SourceTitle "CBM 121"]
[Source "ChessBase"]
[SourceDate "2007.11.14"]
[SourceVersion "1"]
[SourceVersionDate "2007.11.14"]
[SourceQuality "1"]

1. e4 {Ftacnik} c5 2. Nf3 d6 3. d4 cxd4 4. Nxd4 Nf6 5. Nc3 a6 6. Be3 e5 7. Nb3
Be6 8. Qd2 Be7 9. O-O-O Nbd7 10. f4 $5 {This is apparently the way to play
against me these days, although my score vs f3 also gives food for thought,
and Ruslan, I suspect after having seen especially my game with Morozevich,
couldn't resist the temptation any longer.} Ng4 {Ftacnik: 'Despite the time
invested, Black is correct to grab his opponent's dark-squared bishop.  '} 11.
g3 Nxe3 12. Qxe3 b5 13. Kb1 ({Smeets played in August in the Staunton memorial
in London} 13. h4 {which isn't so silly either.}) 13... Nf6 14. Be2 Qb8 ({
After the more natural} 14... Qc7 {I was afraid of} 15. f5 Bd7 16. a3 (16. g4
b4 17. Nd5 Nxd5 18. Rxd5 Bc6 19. Rd2 {is no picnic for Black either.}) 16...
Rb8 17. g4 {and White simply looks too fast.}) 15. Nd5 $5 {A move, which I
have to admit, I had completely missed, and not a bad one. Strangely enough I
had only been looking to knight moves to d5, when being forced away by b4 for
example.} Bxd5 16. exd5 Qc7 {Now Black has to lose a tempo in order to prevent
Na5-c6.} 17. g4 (17. Rhe1 $1 {Ftacnik} Rc8 18. c3 O-O 19. Bd3 $16) 17... O-O
18. fxe5 dxe5 19. g5 Ne8 {Of course, I wasn't so happy to be forced to put my
knight on e8 and preferred a setup with a bishop on d6 and a knight on c5, but
Ftacnik: 'As a consequence of the lost time Black was forced to play somewhat
passively. '} (19... Nd7 $2 {was simply losing at once:} 20. d6 Bxd6 21. Qd2 {
but fortunately, although due to a mistake of Ruslan, I managed to get an even
better setup, bishop on c5 and a knight on d6.}) 20. Bg4 {An annoying move,
first of all controlling c8, and secondly after a possible freeing action by
Black with f5, ready to sit on e6.} (20. Rhe1 $5 {was an interesting
alternative, trying to maximize everything by playing on the edge} {but after}
f5 21. gxf6 Nxf6 22. Bd3 Bd6 23. Bf5 Nh5 {life is still not so simple.}) 20...
a5 {But at least now I can start to push my friends on the queenside.} 21. Rhe1
Bd6 22. Qd3 $2 {A mistake, which allows Black to take over. White could have
kept his momentum going with:} (22. Nd2 f5 (22... Bc5 $5 23. Qxe5 Nd6 {still
gives Black some play, but it's a completely different story compared to the
game.}) (22... a4 {Ftacnik} 23. Ne4 $14) 23. gxf6 Nxf6 24. Be6+ Kh8 {and White
is clearly in charge.}) 22... a4 23. Nc1 ({For some reason Ruslan had missed
that after} 23. Nd2 a3 24. b3 Bb4 $1 {he will face serious problems on the
dark squares. Unfortunately for him, the text move doesn't change his fate.})
23... a3 24. b3 Bb4 $1 {a small nuance, to provoke White's rook into going to
e4.} 25. Re4 $2 {Ftacnik: 'Now the rook occupies the e4-square and the whole
position becomes awkward for White.'} (25. Re3 {Ftacnik} Nd6 (25... Qe7 26. Qe2
Bd6 (26... Qxg5 27. Rxe5 Qh6 28. Qxb5 $14) 27. h4 Nc7 28. Bf5 $14) 26. Rxe5 (
26. Rh3 e4 27. Qg3 Qe7 28. Qe3 Qe5 29. c3 Ba5 $17) 26... Nc4 27. d6 Nxe5 (27...
Bxd6 $2 28. Rxb5 $18) 28. dxc7 Nxd3 29. Rxd3 $11) 25... Be7 26. Qe3 Bc5 27. Qc3
Nd6 $1 {Aaron Nimzovitsch lives!} 28. Rxe5 b4 29. Qd3 Rae8 $1 ({Not falling for
} 29... Nb5 $2 30. d6 $1 Nxd6 31. Rxc5 $1) 30. Re2 Rxe2 31. Nxe2 Qe7 {Entering
the house, or as my teacher used to say: dedans sans frapper!} 32. c3 Qxg5 33.
Bd7 Qe5 34. Rc1 Qxh2 {Black wants to go to bed with a full stomach!} 35. cxb4
Bxb4 36. Rc2 Qh1+ 37. Nc1 Rd8 {Finally forcing White to make up his mind which
diagonal he wants to control. Whatever his choice would have been, compared to
his collegue on the dark squares, he looks a bit sad.} 38. Bc6 f5 39. Re2 Qg1
$1 {Total domination.} 40. Re6 Rf8 41. Qe2 Ne4 {Time to put Ruslan out of his
misery.} 42. Kc2 Qd4 0-1

[Event "World Cup"]
[Site "Khanty-Mansiysk"]
[Date "2007.11.24"]
[Round "1.1"]
[White "El Gindy, Essam"]
[Black "Ponomariov, Ruslan"]
[Result "1-0"]
[WhiteElo "2503"]
[BlackElo "2705"]
[Annotator "Grivas,E"]
[PlyCount "127"]
[EventDate "2007.11.24"]
[EventType "k.o."]
[EventRounds "7"]
[EventCountry "RUS"]
[SourceTitle "CBM 122"]
[Source "ChessBase"]
[SourceDate "2008.01.30"]
[SourceVersion "1"]
[SourceVersionDate "2008.01.30"]
[SourceQuality "1"]

1. d4 Nf6 2. c4 e6 3. Nc3 Bb4 4. Qc2 O-O 5. a3 Bxc3+ 6. Qxc3 b6 7. Bg5 Bb7 8.
e3 d6 ({Another try is} 8... c5 9. Nf3 h6 10. Bh4 cxd4 11. Nxd4 d5 12. cxd5
Bxd5 13. f3 Nbd7 14. e4 Rc8 15. Qe3 Bc4 16. Bxc4 Rxc4 17. b3 Rc8 18. O-O $14 {
Ivanchuk,V-Beliavsky,A/Batumi 1999.}) 9. Ne2 ({White has also played} 9. f3
Nbd7 10. Ne2 c5 (10... h6 11. Bh4 c5 12. Qb3 cxd4 13. Nxd4 d5 14. cxd5 Bxd5 15.
Qd1 $14 {Bareev,E-Volokitin,A/Warsaw 2002}) 11. Qd3 h6 12. Bh4 d5 13. cxd5 exd5
14. Nc3 Re8 15. Be2 cxd4 16. Qxd4 Qe7 17. Kf2 Ne4+ 18. Qxe4 dxe4 19. Bxe7 exf3
20. gxf3 Rxe7 21. Rad1 Ne5 22. Rd4 $14 {Bareev,E-Volokitin,A/Warsaw 2002.})
9... Nbd7 (9... c5 10. dxc5 dxc5 11. Qc2 h6 12. Bh4 Qe7 13. O-O-O Rd8 14. Rxd8+
Qxd8 15. Nc3 Nbd7 16. f3 $14 {was seen in Kramnik,V-Bologan,V/Dortmund 2003.})
10. Qd3 ({The main alternative is} 10. Qc2 c5 11. Rd1 (11. Nc3 cxd4 12. exd4
Qc7 13. Bd3 Rac8 14. O-O Ba6 $13 {Ivanchuk,V-Topalov,V/Linares 1999}) 11... Qc7
(11... Rc8 12. Nc3 cxd4 13. Rxd4 Rc5 14. Bh4 Qa8 15. Be2 d5 16. b4 Rcc8 17. O-O
$13 {Bareev,E-Efimenko,Z/Turin 2006}) 12. Nc3 cxd4 13. Rxd4 a6 14. Be2 h6 15.
Bh4 Bxg2 16. Rg1 Bh3 17. Ne4 $44 {Morozevich,A-Beliavsky,A/Heraklion ETC 2007.}
) 10... a5 $5 ({Black seems to be fond of either} 10... Ba6 11. b4 (11. Nc3 d5
12. Qc2 Bxc4 13. Bxc4 dxc4 14. Qa4 c5 (14... h6 15. Bh4 c5 16. Qxc4 cxd4 17.
Qxd4 Nc5 18. Bxf6 Qxf6 19. Qxf6 gxf6 20. O-O-O Rfc8 $11 {Ivanchuk,V-Kasparov,G/
Rethymnon ECC 2003}) 15. Rd1 cxd4 (15... Qc8 $6 16. O-O Nd5 17. Qxc4 Nxc3 18.
Qxc3 Qb7 19. f3 h6 20. Bh4 Rfc8 21. e4 cxd4 22. Qxd4 Nf8 23. Rd2 $14 {Navara,
D-Pelletier,Y/Fuegen 2006}) 16. Rxd4 Qc7 17. O-O Rfc8 18. Rfd1 Qc5 19. Bh4 Qh5
20. Bxf6 Nxf6 21. Rxc4 $11 {Shirov,A-Naiditsch,A/Sochi 2006}) 11... c5 12. b5
Bb7 13. Nc3 a6 14. f3 h6 15. Bh4 Qe7 16. Be2 cxd4 17. Qxd4 e5 18. Qd1 g5 19.
Bg3 axb5 20. Nxb5 d5 21. O-O $14 {Kasparov,G-Grischuk,A/Rethymnon ECC 2003}) ({
or} 10... h6 11. Bh4 c5 12. Nc3 Qe7 13. Rd1 (13. Be2 cxd4 14. Qxd4 e5 15. Qd1
Bxg2 16. Rg1 Bc6 17. Bg4 $44 {Bareev,E-Karpov,A/Cap d'Agde 2002}) 13... Rfd8
14. Be2 cxd4 15. Qxd4 Nc5 16. Bxf6 Qxf6 17. Qxf6 gxf6 18. Rd4 (18. Nb5 d5 19.
cxd5 Bxd5 20. Nc7 Bb3 21. Nxa8 Bxd1 22. Bxd1 Rxa8 23. Bc2 Rc8 24. Kd2 Kf8 $11 {
Bareev,E-Karpov,A/Wijk aan Zee 2003}) 18... Nb3 19. Rh4 Kg7 20. Kd1 d5 21. Kc2
Na5 22. cxd5 Bxd5 23. Nxd5 Rxd5 24. Rd1 Rc8+ 25. Kb1 Rcd8 26. Rxd5 Rxd5 27. Kc2
Rc5+ 28. Kd3 $14 {Bareev,E-Leko,P/Monte Carlo 2003. But the text-move chosen
by Ruslan is a good example of playing the opening according to the opponent's
strength.}) 11. Nc3 a4 12. Be2 ({The alternative is} 12. Bh4 Ra5 13. f3 Qa8 (
13... c5 14. Be2 d5 15. cxd5 exd5 16. O-O Re8 17. Rfe1 Ba6 18. Qd2 Bxe2 19.
Rxe2 $14 {Masse,H-Mikanovic,G/Toronto 2004}) 14. Be2 (14. O-O-O d5 15. Qc2 Rd8
16. Kb1 {1/2-1/2 Morovic Fernandez,I-Arencibia,W/Havana 2004}) 14... d5 15.
cxd5 Ba6 16. Qd2 exd5 (16... Nxd5 17. O-O c5 18. Bxa6 Qxa6 19. Nxd5 exd5 20.
dxc5 Nxc5 21. Rad1 Nb3 22. Qd3 Qxd3 23. Rxd3 Re8 24. Rfd1 $14 {Farrell,N-Aloma
Vidal,R/Calvia 2007}) 17. Bd1 Bc4 18. Kf2 Re8 19. Re1 b5 20. Kg1 $14 {
Khismatullin,D-Kiriakov,P/Tomsk 2004.}) 12... Ra5 13. h4 $5 ({A new move.
Instead of transposing to the above comments on White's 12th move with 13.Bh4,
he has also tried the less ambitious} 13. Bxf6 Qxf6 14. O-O Qg5 15. f3 c5 16.
Bd1 cxd4 17. exd4 Rfa8 18. Bc2 Nf6 19. Qe2 d5 20. cxd5 Nxd5 21. Nxd5 Qxd5 $11 {
Sutter,O-Pelletier,Y/Switzerland 2005.}) 13... Qa8 (13... Bxg2 $2 14. Rg1 Ba8
15. O-O-O {gives White a strong attack and should be avoided.}) 14. Bxf6 $6 ({
This move has nothing in common with the previous one (13.h4!?).} 14. f3 {
is preferable.}) 14... Nxf6 15. f3 e5 16. O-O-O $6 (16. d5 {looks safer.})
16... e4 $1 17. Qc2 (17. fxe4 $6 Nxe4 {can only be helpful to Black.}) 17...
exf3 18. gxf3 Bxf3 19. Rhg1 {Black sacrificed a pawn in order to get some
attack against the black king. But still it seems that Black's defence will
not be broken easily and then the extra-pawn will carry the day.} Be4 20. Bd3
Bg6 21. Rdf1 Qd8 22. Qg2 Qe7 23. Rf3 Kh8 24. e4 $6 ({Black seems to be doing
OK even after} 24. Bxg6 fxg6 25. e4 Rh5 {but White had to try it.}) 24... Rh5
25. Rf4 c5 $1 26. d5 Re5 {Now Black is a healthy pawn-up, combined with a
positional advantage due to the control of the dark squares and the weak white
e4-pawn. It seems that another Goliath-David battle will soon finish in favour
of the stronger side, contrary to history...} 27. Rf5 Nh5 28. Rxe5 dxe5 $6 (
28... Qxe5 {was rather natural and strong.}) 29. Qg4 Nf4 30. Bc2 f6 $6 (30...
Ra8 31. Kb1 h5 32. Qg3 Kg8 {was the right track for Black.}) 31. Re1 $6 ({
White had to go for} 31. Bxa4 f5 32. exf5 Bxf5 33. Qg3 $13 {.}) (31. Nxa4 $2
Bh5) 31... Ra8 32. Kd2 Bh5 33. Qg3 Be8 34. Rg1 Bd7 35. Bd1 g6 36. Bg4 Kg7 37.
Bxd7 Qxd7 {Black is clearly winning. A healthy extra pawn and a safe king. But
still several technical difficulties have to be overcome.} 38. Rf1 Rf8 39. Re1
h6 $6 ({As} 39... h5 40. Rg1 {does not help much, I think that Black ought to
open the f-file by}) (39... f5 {. Then he would have good chances to convert
his material advantage.}) 40. Kc2 g5 41. Rh1 Kg6 42. Rh2 h5 43. Kb1 Kh6 44. Nd1
Qh7 45. Nc3 Qg6 46. Ka2 Ra8 47. Rd2 gxh4 48. Qxh4 Qg5 49. Qh1 Qg4 50. Rh2 Kg6
51. d6 Kf7 $2 ({Black's chosen plan with the expansion of his kingside pawns
was a dangerous one. He should now have second thoughts about his strategy and
draw with} 51... Rd8 52. Nd5 Rxd6 (52... Nxd5 53. Rg2 Nf4 54. Rxg4+ hxg4 55.
Qh4 Rxd6 56. Qxg4+ Kf7 57. Qc8) 53. Nxf4+ Qxf4 54. Rxh5 Rd2 55. Rh8 Rxb2+ $11 {
.}) 52. Nd5 Rh8 (52... Nxd5 53. cxd5 Rh8 54. Rg2 Qc8 55. Qf1 h4 56. Rg5 $1 $18
{.}) 53. Ne3 $2 ({White throws away his chances. He should continue with} 53.
Nxb6 Qe6 54. Qd1 h4 55. Qxa4 Qxd6 56. Nd5 $16 {.}) 53... Qe6 54. Nf5 Qxc4+ 55.
Ka1 Ke8 56. d7+ Kxd7 57. Qd1+ Kc6 58. Qd6+ Kb5 $2 ({Again the 'playing the
opponent' strategy. Black had to be satisfied with a draw:} 58... Kb7 59. Qd7+
Kb8 60. Qd6+ {.}) 59. Qd7+ Ka5 60. Nd6 Qf1+ 61. Ka2 Ra8 62. Rc2 $1 Qd3 63. Rc3
({Not bad also was the straightforward} 63. Rxc5+ bxc5 64. Qc7+ Ka6 65. Qc6+
Ka5 66. Nb7# {.}) 63... Qe2 64. Rc4 {As mate follows, Black resigned. A
painful defeat. White attacked the black king on the kingside but finally
mated him on the queenside!} 1-0

[Event "UKR-ch Superfinal"]
[Site "Kiev"]
[Date "2008.01.24"]
[Round "1"]
[White "Kruppa, Yuri"]
[Black "Ponomariov, Ruslan"]
[Result "0-1"]
[WhiteElo "2543"]
[BlackElo "2719"]
[PlyCount "88"]
[EventDate "2008.01.24"]
[EventType "tourn (blitz)"]
[EventRounds "11"]
[EventCountry "UKR"]
[SourceTitle "CBM 122 Extra"]
[Source "ChessBase"]
[SourceDate "2008.03.04"]
[SourceVersion "1"]
[SourceVersionDate "2008.03.04"]
[SourceQuality "1"]

1. d4 d5 2. c4 c6 3. Nc3 Nf6 4. e3 a6 5. Nf3 b5 6. cxd5 cxd5 7. Bd2 e6 8. Ne5
Be7 9. Bd3 O-O 10. Qf3 Bb7 11. g4 Nc6 12. Nxc6 Bxc6 13. g5 Ne4 14. Nxe4 dxe4
15. Bxe4 Bxe4 16. Qxe4 Bxg5 17. h4 Bf6 18. h5 Rc8 19. Rg1 Qd6 20. Ke2 h6 21.
Rac1 Rfe8 22. f4 b4 23. Qb7 Rb8 24. Qc6 Qd8 25. b3 a5 26. Rc4 Rb6 27. Qe4 Rb5
28. Qf3 Qb8 29. Rgc1 Rd5 30. Be1 Qb5 31. Kd2 Rxh5 32. Bg3 Rd5 33. Bf2 a4 34.
Rc5 Qb7 35. Qe2 axb3 36. axb3 Ra8 37. Qc4 Ra2+ 38. Rc2 Rxc2+ 39. Kxc2 Rd8 40.
Rc6 Qa8 41. Kd3 Qa1 42. Qxb4 Qf1+ 43. Kc3 Qc1+ 44. Kd3 Qxc6 0-1

[Event "UKR-ch Superfinal"]
[Site "Kiev"]
[Date "2008.01.24"]
[Round "2"]
[White "Baklan, Vladimir"]
[Black "Ponomariov, Ruslan"]
[Result "1/2-1/2"]
[WhiteElo "2647"]
[BlackElo "2719"]
[PlyCount "75"]
[EventDate "2008.01.24"]
[EventType "tourn (blitz)"]
[EventRounds "11"]
[EventCountry "UKR"]
[SourceTitle "CBM 122 Extra"]
[Source "ChessBase"]
[SourceDate "2008.03.04"]
[SourceVersion "1"]
[SourceVersionDate "2008.03.04"]
[SourceQuality "1"]

1. e4 e5 2. Nf3 Nf6 3. Nxe5 d6 4. Nf3 Nxe4 5. d4 d5 6. Bd3 Be7 7. O-O Nc6 8. c4
Nb4 9. Be2 O-O 10. a3 Nc6 11. cxd5 Qxd5 12. Nc3 Nxc3 13. bxc3 Bf5 14. c4 Qd6
15. d5 Ne5 16. Nd4 Bd7 17. a4 Qg6 18. Bf4 Bd6 19. Bg3 Ng4 20. Nb5 Bxg3 21. hxg3
Rae8 22. Bxg4 Bxg4 23. Qd4 c6 24. Nc7 Re4 25. Qxa7 Rxc4 26. Qxb7 Bc8 27. Qb6
Qd6 28. Rfc1 Rxc1+ 29. Rxc1 Qa3 30. Qxc6 Bd7 31. Qc5 Qxa4 32. d6 h6 33. Nd5 Be6
34. Ne7+ Kh7 35. Qe5 Rd8 36. Qc5 Qe4 37. Nc6 Rc8 38. Qb6 1/2-1/2

[Event "UKR-ch Superfinal"]
[Site "Kiev"]
[Date "2008.01.24"]
[Round "3"]
[White "Ponomariov, Ruslan"]
[Black "Timoshenko, Georgy"]
[Result "1-0"]
[WhiteElo "2719"]
[BlackElo "2560"]
[PlyCount "87"]
[EventDate "2008.01.24"]
[EventType "tourn (blitz)"]
[EventRounds "11"]
[EventCountry "UKR"]
[SourceTitle "CBM 122 Extra"]
[Source "ChessBase"]
[SourceDate "2008.03.04"]
[SourceVersion "1"]
[SourceVersionDate "2008.03.04"]
[SourceQuality "1"]

1. d4 Nf6 2. Nf3 e6 3. c4 b6 4. g3 Bb7 5. Bg2 Bb4+ 6. Bd2 Be7 7. Nc3 O-O 8. O-O
d5 9. cxd5 exd5 10. Rc1 Na6 11. Qa4 c5 12. Bg5 h6 13. Bxf6 Bxf6 14. Rfd1 Qe8
15. Qc2 c4 16. Ne5 Rd8 17. Nxc4 Qe7 18. Ne3 Bg5 19. Nexd5 Bxd5 20. Nxd5 Rxd5
21. Bxd5 Nb4 22. Qe4 Nxd5 23. Qxd5 Bxc1 24. Rxc1 Qxe2 25. Rc7 Qxb2 26. Rxa7 b5
27. h4 b4 28. Kg2 Qc3 29. h5 Qd2 30. Rb7 Qc3 31. Rd7 Qd2 32. Rd8 Rxd8 33. Qxd8+
Kh7 34. Qd5 Kg8 35. Qc4 Qd1 36. d5 Kf8 37. Qxb4+ Ke8 38. Qb8+ Kd7 39. f3 Qxd5
40. Kh3 Qxa2 41. f4 f5 42. g4 Ke6 43. Kg3 Kf6 44. gxf5 1-0